Les films avec Anne Hathaway - Statistiques

Statistiques générales
  • Ce quiz a été pris 81 fois
  • Le résultat moyen est 8 sur 22
Statistiques - réponses
Rôles Films % Correct
Une assistance dans un magazine de mode dirigé par une patronne des plus sèvère Le diable s'habille en Prada
89%
Fantine Les misérables
73%
Une professeur de la NASA qui a découvert un trou de ver Interstellar
69%
Une adolescente qui se découvre des origines princières Princesse malgré elle
60%
Une gentille reine blanche Alice au pays des merveilles
57%
Une des membres d'un gang de filles qui font concurrence au célèbre Daniel Ocean's 8
45%
Une super héroïne tout de cuir vêtue The Dark Knight Rises
44%
Une jeune femme sur le point de se marier rentre en guerre avec sa meilleure amie pour une histoire de mariage Meilleures ennemies
43%
Une femme atteinte de maladie chronique qui tombe amoureuse d'un commercial en pharmaceutique Love et autres drogues
37%
Jane Austen Jane
35%
La patronne d'une boutique de vente en ligne épaulée par un collègue incarné par De Niro Le nouveau stagiaire
33%
Une escroc qui part sur la côte d'Azur pour escroquer des hommes riches Le coup du siècle
32%
Une cavalière mariée a un cow-boy homosexuel Le secret de Brokeback Mountain
32%
La redoutable agente 99 Max la Menace
23%
Une jeune fille qui a reçu le don d'obéir a tout les ordres qu'on lui donne Ella au pays enchanté
21%
Une thérapeute qui essaye de comprendre les origines d'un accident d'avion Les passagers
17%
Une New-Yorkaise liée a une créature qui détruit Séoul Colossal
16%
Une jeune femme qui fout la zizanie au mariage de sa sœur Rachel se marie
15%
Dans ce film choral, une jeune photographe qui tombe amoureuse de son plan cul Valentine's day
13%
Une jeune femme qui se rend au chevet de son frère dans le coma et tente de lui faire venir son musicien préféré Song one
9%
Dans les années 80, une journaliste qui aide son père à négocier une vente d'armes Sa dernière volonté
5%
La fiancée d'un missionnaire mormon De l'autre côté du paradis
4%
Aucun quiz correspondant
Distribution des résultats
% des personnes avec chaque résultat
Percentile par nombre de réponses
Votre historique - résultats
Vous n’avez pas pris ce quiz